Orgullo travestido : Egmont de Bries y la repercusión social del transformismo en la España del primer tercio del siglo XX

La fascinante vida del transformista Egmont de Bries, astro del transformismo en la escena española de los años 20 del siglo pasado, y en donde la heteronormatividad estaba sancionada por ley como único modelo social válido, da pie a reflexionar acerca del pasado, presente y futuro de la identidad y...

Full description

Bibliographic Details
Main Author: Usó, Juan Carlos
Format: Libro
Language:Spanish
Published: Barcelona : El Desvelo, 2022.
Edition:Segunda edición.
Series:Altoparlante 42
Subjects:
Online Access:

MARC

LEADER 00000nam a22000007a 4500
003 UAHC
005 20250519122821.0
008 250515s2022 sp |||| |||| 00| 0 spa d
020 |a 9788412584202 
035 |a CENTRAL 
040 |a UAHC  |c UAHC 
082 |2 21  |a 306.7709  |b U86 
100 |a Usó, Juan Carlos  |9 21582 
245 |a Orgullo travestido :   |b Egmont de Bries y la repercusión social del transformismo en la España del primer tercio del siglo XX  |c Juan Carlos Usó Arnal. 
250 |a Segunda edición. 
260 |a Barcelona :  |b El Desvelo,   |c 2022. 
300 |a 148 páginas. 
440 |a Altoparlante  |9 21592  |v 42 
520 |a La fascinante vida del transformista Egmont de Bries, astro del transformismo en la escena española de los años 20 del siglo pasado, y en donde la heteronormatividad estaba sancionada por ley como único modelo social válido, da pie a reflexionar acerca del pasado, presente y futuro de la identidad y la condición de género. Falleció tristemente, fané y descangayado, en Barcelona durante la guerra civil española. Famosisímo en su época, De Bries murió dentro de las más lastimosa vulgaridad, atendido por caritativos amigos de última hora. El libro está ilustrado con 80 imágenes de gran valor documental, en numerosos casos de sorprendente belleza. 
650 0 |a Travestismo  |9 21583 
650 0 |a Teatro  |z España  |9 21584 
650 0 |a Travestismo  |z España  |9 21586 
653 |a Colección Interculturalidad 
942 |2 ddc  |c BK 
952 |0 0  |1 0  |2 ddc  |4 0  |6 306_770900000000000_USO  |7 0  |8 COMP  |9 100834  |a BC  |b BC  |c Interculturalidad  |d 2025-05-16  |e Donación  |g 19831.00  |l 0  |o 306.7709 USO  |p 1444842  |r 2025-11-26 00:00:00  |t 1  |w 2025-05-16  |y BK 
952 |0 0  |1 0  |2 ddc  |4 0  |6 306_770900000000000_USO  |7 0  |8 COMP  |9 100835  |a BC  |b BC  |c Interculturalidad  |d 2025-05-16  |e Donación  |g 19831.00  |l 0  |o 306.7709 USO  |p 1444843  |r 2025-11-26 00:00:00  |t 2  |w 2025-05-16  |y BK 
952 |0 0  |1 0  |2 ddc  |4 0  |6 306_770900000000000_USO  |7 0  |8 COMP  |9 100836  |a BR  |b BR  |c Interculturalidad  |d 2025-05-16  |e Donación  |g 19831.00  |l 0  |o 306.7709 USO  |p 1444844  |r 2026-01-14 00:00:00  |t 1  |w 2025-05-16  |y BK 
999 |c 62639  |d 62639